<?xml version="1.0" encoding="UTF-8"?>
<record
    xmlns:xsi="http://www.w3.org/2001/XMLSchema-instance"
    xsi:schemaLocation="http://www.loc.gov/MARC21/slim http://www.loc.gov/standards/marcxml/schema/MARC21slim.xsd"
    xmlns="http://www.loc.gov/MARC21/slim">

  <leader>03856cam a2200373 i 4500</leader>
  <controlfield tag="001">990204313960107026</controlfield>
  <controlfield tag="003">UkOxU</controlfield>
  <controlfield tag="005">20260512150100.0</controlfield>
  <controlfield tag="008">141010s2015    fluab    b    001 0 eng  </controlfield>
  <datafield tag="010" ind1=" " ind2=" ">
    <subfield code="a">2014039562</subfield>
  </datafield>
  <datafield tag="020" ind1=" " ind2=" ">
    <subfield code="a">9781482257373</subfield>
  </datafield>
  <datafield tag="035" ind1=" " ind2=" ">
    <subfield code="a">(UkOxU)020431396</subfield>
  </datafield>
  <datafield tag="035" ind1=" " ind2=" ">
    <subfield code="a">(UkOxU)020431396BIB01</subfield>
  </datafield>
  <datafield tag="035" ind1=" " ind2=" ">
    <subfield code="a">(OCoLC)893202561</subfield>
    <subfield code="z">(OCoLC)884540149</subfield>
    <subfield code="z">(OCoLC)913200120</subfield>
    <subfield code="z">(OCoLC)915438309</subfield>
  </datafield>
  <datafield tag="040" ind1=" " ind2=" ">
    <subfield code="a">DLC</subfield>
    <subfield code="b">eng</subfield>
    <subfield code="e">rda</subfield>
    <subfield code="c">DLC</subfield>
    <subfield code="d">YDX</subfield>
    <subfield code="d">YDXCP</subfield>
    <subfield code="d">BTCTA</subfield>
    <subfield code="d">OCLCF</subfield>
    <subfield code="d">CDX</subfield>
    <subfield code="d">AU@</subfield>
    <subfield code="d">OCLCO</subfield>
    <subfield code="d">UkOxU</subfield>
  </datafield>
  <datafield tag="041" ind1=" " ind2=" ">
    <subfield code="a">English</subfield>
  </datafield>
  <datafield tag="042" ind1=" " ind2=" ">
    <subfield code="a">pcc</subfield>
  </datafield>
  <datafield tag="050" ind1="0" ind2="0">
    <subfield code="a">TK7882.I6</subfield>
    <subfield code="b">W37 2015</subfield>
  </datafield>
  <datafield tag="100" ind1=" " ind2=" ">
    <subfield code="a">Ward, Matthew,</subfield>
    <subfield code="d">1955-</subfield>
    <subfield code="e">author.</subfield>
  </datafield>
  <datafield tag="245" ind1="1" ind2="0">
    <subfield code="a">Interactive data visualization </subfield>
    <subfield code="b">: foundations, techniques, and applications </subfield>
    <subfield code="c">/ Matthew Ward, Georges Grinstein, Daniel Keim.</subfield>
  </datafield>
  <datafield tag="250" ind1=" " ind2=" ">
    <subfield code="a">Second edition.</subfield>
  </datafield>
  <datafield tag="264" ind1=" " ind2="1">
    <subfield code="a">Boca Raaton :</subfield>
    <subfield code="b">CRC Press, Taylor &amp; Francis Group,</subfield>
    <subfield code="c">[2015]</subfield>
  </datafield>
  <datafield tag="300" ind1=" " ind2=" ">
    <subfield code="a">xix, 558 pages :</subfield>
    <subfield code="b">illustrations (some color), maps (some color) ;</subfield>
    <subfield code="c">25 cm.</subfield>
  </datafield>
  <datafield tag="500" ind1=" " ind2=" ">
    <subfield code="a">"An A K Peters book."</subfield>
  </datafield>
  <datafield tag="504" ind1=" " ind2=" ">
    <subfield code="a">Includes bibliographical references and index.</subfield>
  </datafield>
  <datafield tag="505" ind1="0" ind2=" ">
    <subfield code="a">What Is Visualization? &#x2014; History of Visualization &#x2014; Relationship between Visualization and Other Fields &#x2014; The Visualization Process &#x2014; The Role of Cognition &#x2014; Pseudocode Conventions &#x2014; The Scatterplot &#x2014; The Role of the User &#x2014; Related Readings &#x2014; Exercises &#x2014; Projects &#x2014;

Data Foundations &#x2014;
Types of Data &#x2014; Structure within and between Records &#x2014; Data Preprocessing &#x2014; Data Sets Used in This Book &#x2014; Related Readings &#x2014; Exercises &#x2014; Projects &#x2014;

Human Perception and Information Processing &#x2014;
What Is Perception? &#x2014; Physiology &#x2014; Perceptual Processing &#x2014; Perception in Visualization &#x2014; Metrics &#x2014; Cognition &#x2014; Related Readings &#x2014; Exercises &#x2014; Projects &#x2014;

Visualization Foundations &#x2014;
The Visualization Process in Detail &#x2014; Semiology of Graphical Symbols &#x2014; The Eight Visual Variables.</subfield>
  </datafield>
  <datafield tag="520" ind1=" " ind2=" ">
    <subfield code="a">An Updated Guide to the Visualisation of Data for Designers, Users, and Researchers: 

Interactive Data Visualisation: Foundations, Techniques, and Applications, Second Edition offers the theory, detail, and practical tools required to design and build systems for visualising data. Presented in full colour, it introduces the essential terminology and concepts, discusses algorithmic and software engineering considerations, and outlines widely used techniques and higher-level algorithms. Complete source code is included to support implementation.

New in the Second Edition:

Additional recommended readings, exercises, and programming projects;

Improved figures, with many new illustrations;

A new chapter dedicated to techniques for time-oriented data.

This well-regarded text continues to examine the core elements of the visualisation process, from data through to the human observer. For developers, it provides guidance on designing effective visualisations informed by principles of human perception, graphical design, art, and usability. For practitioners, it illustrates how public and commercial visualisation systems can be applied to real-world problems across a variety of domains. For researchers, it surveys emerging technologies and current areas of innovation being explored in academic and industrial contexts.

Each chapter includes a range of exercises, from review questions to more open-ended problems that encourage readers to develop alternative approaches and extend their understanding. Programming projects further enable readers to move from basic algorithmic implementation to adapting and extending methods for more advanced applications.</subfield>
  </datafield>
  <datafield tag="650" ind1=" " ind2="0">
    <subfield code="a">Information visualization</subfield>
    <subfield code="9">9123</subfield>
  </datafield>
  <datafield tag="650" ind1=" " ind2="0">
    <subfield code="a">Computer graphics</subfield>
    <subfield code="9">9124</subfield>
  </datafield>
  <datafield tag="650" ind1=" " ind2="0">
    <subfield code="a">Image processing</subfield>
    <subfield code="9">7327</subfield>
  </datafield>
  <datafield tag="700" ind1=" " ind2=" ">
    <subfield code="a">Grinstein, Georges G.,</subfield>
    <subfield code="e">author.</subfield>
    <subfield code="9">25903</subfield>
  </datafield>
  <datafield tag="700" ind1=" " ind2=" ">
    <subfield code="a">Keim, Daniel,</subfield>
    <subfield code="e">author.</subfield>
    <subfield code="9">25904</subfield>
  </datafield>
  <datafield tag="942" ind1=" " ind2=" ">
    <subfield code="2">lcc</subfield>
  </datafield>
  <datafield tag="952" ind1=" " ind2=" ">
    <subfield code="0">0</subfield>
    <subfield code="1">0</subfield>
    <subfield code="2">lcc</subfield>
    <subfield code="4">0</subfield>
    <subfield code="7">0</subfield>
    <subfield code="a">TBS</subfield>
    <subfield code="b">TBS</subfield>
    <subfield code="d">2025-09-16</subfield>
    <subfield code="l">0</subfield>
    <subfield code="o">TK7882.I6 WAR</subfield>
    <subfield code="p">B05669</subfield>
    <subfield code="r">2025-09-16</subfield>
    <subfield code="t">1</subfield>
    <subfield code="w">2025-09-16</subfield>
    <subfield code="y">1</subfield>
  </datafield>
  <datafield tag="999" ind1=" " ind2=" ">
    <subfield code="c">4955</subfield>
    <subfield code="d">4955</subfield>
  </datafield>
</record>
